MARC

LEADER 00000nam0a2200000 4500
001 275157
005 20231101234810.0
020 |a RU  |b 85-101247 
035 |a (RuTPU)RU\TPU\book\298389 
090 |a 275157 
100 |a 20141112d1985 m y0rusy5003 ca 
101 0 |a rus 
102 |a RU 
105 |a a j 000zy 
200 1 |a Промышленные роботы  |e учебное пособие  |f Г. А. Алексеев, М. В. Чуич  |g Северо-Западный заочный политехнический институт (СЗПИ) 
210 |a Ленинград  |c Изд-во СЗПИ  |d 1985 
215 |a 80 с.  |c ил. 
606 1 |a Роботы промышленные  |2 stltpush  |3 (RuTPU)RU\TPU\subj\25303  |9 86249 
610 1 |a учебные пособия 
610 1 |a манипуляторы 
610 1 |a механическая сила 
610 1 |a кинематика 
610 1 |a устройства 
610 1 |a приводы 
610 1 |a система управления 
610 1 |a применение 
675 |a 621.865.8(075.8)  |z rus  |v 4 
700 1 |a Алексеев  |b Г. А.  |g Георгий Александрович  |4 070 
701 1 |a Чуич  |b М. В.  |g Михаил Воиславович  |4 070 
712 0 2 |a Северо-Западный заочный политехнический институт (СЗПИ)  |c (Ленинград)  |2 stltpush  |3 (RuTPU)RU\TPU\col\2602 
801 0 |a RU  |b RuMRKP  |c 19950704  |g psbo 
801 1 |a RU  |b 63413507  |c 20141112 
801 2 |a RU  |b 63413507  |c 20170328  |g RCR 
942 |c BK